Statistics for NBA 2017 trades and signings

Click here to take the quiz!

General Stats

  • This quiz has been taken 137 times
    (111 since last reset)
  • The average score is 14 of 25

Answer Stats

Team ChangeAnswer% Correct
CLE to BOSKyrie Irving
90%
BOS to CLEIsaiah Thomas
87%
LAC to HOUChris Paul
82%
IND to OKCPaul George
80%
LAL to BRKD'angelo Russell
79%
BRK to LALBrook Lopez
74%
UTA to BOSGordon Hayward
72%
CHI to MINJimmy Butler
72%
ATL to DENPaul Millsap
67%
NYK to OKCCarmelo Anthony
64%
BOS to CLEJae Crowder
63%
NYK to CLEDerrick Rose
61%
MIN to CHIZach Lavine
60%
PHO to MILEric Bledsoe
57%
HOU to LACLou Williams
55%
SAC to SASRudy Gay
52%
HOU to LACPatrick Beverley
48%
CHI to CLEDwyane Wade
47%
ATL to CHADwight Howard
45%
MIN to UTARicky Rubio
41%
LAL to GSWNick Young
38%
MIL to PHOGreg Monroe
28%
LAC to MINJamal Crawford
20%
MEM to SACVince Carter
17%
DEN to LACDanilo Gallinari
3%

Score Distribution

Percentile by Number Answered

Percent of People with Each Score

Your Score History

You have not taken this quiz since the last reset